Geometría Riemanniana

Guardat en:
Dades bibliogràfiques
Autor principal: Carmo, Manfredo do (Autor)
Format: Llibre
Idioma:portuguès
Publicat: Río de Janeiro Instituto de Matemática Pura e Aplicada 1988
Edició:2a. ed
Col·lecció:Projeto Euclides
Matèries:
Etiquetes: Afegir etiqueta
Sense etiquetes, Sigues el primer a etiquetar aquest registre!

MARC

LEADER 00000nam a2200000 a 4500
001 UCW0840
003 CL-VaPUC
005 20230808160614.0
008 891006e19880000BL |||||||||||||||||por|d
999 |c 215878  |d 215876 
040 |c Pontificia Universidad Católica de Valparaíso 
082 0 4 |a 516.92  |b CAR  |2 21 
100 |a Carmo, Manfredo do  |e author  |9 424294 
245 1 0 |a Geometría Riemanniana 
250 |a 2a. ed 
260 |a Río de Janeiro  |b Instituto de Matemática Pura e Aplicada  |c 1988 
300 |a 299 p 
490 0 |a Projeto Euclides 
583 |a last modification  |c 19891006 00:00:00  |k Rodrigo Vera 
650 7 |a GEOMETRIA RIEMANNIANA  |2 CL-VaPUC  |9 270151 
942 |c BK  |2 ddc 
945 |d 19891006 00:00:00 
952 |0 0  |1 0  |4 0  |6 516_920000000000000_CAR_1988  |7 0  |8 A  |9 201054  |a BIBMAT  |b BIBMAT  |d 2019-11-14  |i 2682001  |l 3  |m 8  |o 516.92 CAR 1988  |p 2682001  |q 2025-07-31  |r 2021-12-13  |s 2021-12-13  |w 2019-11-14  |y BK  |k MAT